000 00485nam a2200181Ia 4500
005 20250326123901.0
008 250326s9999 xx 000 0 und d
037 _aTextbook
040 _aFMSL
_beng
_cFMSL
041 _aeng
_2eng
084 _aS8 K7;1
_qFMSL
100 _aJones E E
245 0 _aFoundations of social psychology
_cJones E E; Gerard H B
260 _aNY
_bNY, John Wiley
_c1967
300 _a743p
942 _cTB
_hS8 K7;1
999 _c1271335
_d1271335